Loading...
History - European History | 1 | 5 | 0 | 2 | 65 | 26 | 116.50 | 1 | 3 |
Fine Arts - Classical Music and Opera | 2 | 3 | 4 | 0 | 40 | 63 | 94.00 | 0 | 4 |
History - World History | 0 | 3 | 0 | 2 | 30 | 119 | 128.33 | 0 | 1 |
Fine Arts - Visual Fine Arts | 0 | 2 | 0 | 1 | 20 | 124 | 139.50 | 0 | 0 |
Fine Arts - Other Fine Arts | 1 | 2 | 3 | 1 | 20 | 46 | 105.00 | 1 | 1 |
Beliefs | 0 | 2 | 0 | 0 | 20 | 153 | 155.00 | 0 | 0 |
History - US History | 0 | 3 | 3 | 2 | 15 | 118 | 136.67 | 0 | 0 |
Geography | 0 | 1 | 0 | 0 | 10 | 146 | 146.00 | 0 | 0 |
Literature - World Literature | 0 | 1 | 0 | 0 | 10 | 152 | 152.00 | 0 | 0 |
History - Other History | 0 | 1 | 2 | 0 | 0 | 131 | 131.00 | 0 | 0 |
Other Academic | 0 | 0 | 1 | 0 | -5 | 0.00 | 0 | 0 | |
Social Science | 0 | 0 | 1 | 0 | -5 | 0.00 | 0 | 0 |